| 000 | 00846nam a2200181Ia 4500 | ||
|---|---|---|---|
| 008 | 090711s9999 xx 000 0 und d | ||
| 082 | _b46146 | ||
| 100 | _aउाgऎष्ण तीर्थ भारती | ||
| 245 | _aवैदिक गणित (भाग पहिला : गुणाकार) | ||
| 260 |
_bकुलकर्णी दिलीप दत्तात्राय _c1982 |
||
| 300 | _a70 | ||
| 600 | _aउाgऎष्ण तीर्थ भारती | ||
| 630 | _aवैदिक गणित (भाग पहिला : गुणाकार) | ||
| 700 | _aबापट ब. गं. / कुलकर्णी दिलीप | ||
| 700 | _aउाgऎष्ण तीर्थ भारती | ||
| 730 | _aवैदिक गणित (भाग पहिला : गुणाकार) | ||
| 942 | _cBOOK | ||
| 999 |
_c328593 _d328593 |
||